00574nam a2200157Ia 4500008004100000041001200041082001100053100001600064245010300080260003200183300000800215650000700223942000700230999001700237952016200254221030s9999 xx 000 0 und d aEnglish a105.23 aJ. G. Brown 0aHydro - Electric Engineering Practice Vol II : Mechanical & Electrical Engineeringcby J. G. Brown bBlackie & SonaLondonc1958 a740 aEE cBK c10330d10330 pBE 12551l0o105.23 r2024-06-13 00:00:00w2022-10-30yBK003Print4070aMIETLIBbMIETLIBcBL-Academic Block B, FL-2, CUP-161, SH-5, R-5d2012-05-2510HBE